| 000 | 00790nam a22002297a 4500 | ||
|---|---|---|---|
| 003 | MX-MxUPN | ||
| 005 | 20260513132556.0 | ||
| 008 | 260513r2003 fr|d||||r|||| 000 0 eng d | ||
| 040 |
_aMX-MxUPN _bspa |
||
| 041 | 0 | _aeng | |
| 050 |
_aTK1073 _bT35 2003 |
||
| 100 | 1 |
_aTakahashi, Patrick _959504 |
|
| 245 | 1 | 0 |
_aEnergy from the sea : _bthe potential and realities of ocean thermal energy conversion (OTEC) |
| 260 |
_aParis : _bUnesco, _c2003 |
||
| 300 |
_a38 páginas : _bfotografías, gráficos |
||
| 500 | _aConferencia presentada el 30 de junio de 2003 en Unesco House, Paris. | ||
| 500 | _aEn la cubierta: "Anton Bruun Mmeorial Lecture". | ||
| 650 | 4 |
_aRecursos energéticos del mar _959505 |
|
| 650 | 4 |
_aCalor _94830 |
|
| 902 | _aVíctorGodínez/130526 | ||
| 942 |
_2lcc _cFOLL |
||
| 999 |
_c215089 _d215089 |
||